Animal Alphabet Picture 26 - Statistics

General Stats
  • This quiz has been taken 8 times
  • The average score is 19 of 26
Answer Stats
Picture Hint Answer % Correct
B Buffalo
100%
C Crocodile
100%
D Dingo
100%
E Eagle
100%
F Flamingo
100%
G Gazelle
100%
H Hedgehog
100%
J Jaguar
100%
L Llama
100%
O Ostrich
100%
P Penguin
100%
S Seal
100%
T Tarantula
100%
A Albatross
86%
R Roadrunner
71%
W Warthog
71%
Z Zebra Butterfly
57%
I Indri
43%
M Macaw
43%
N Numbat
43%
Q Quetzal
43%
K Kinkajou
29%
U Uakari
29%
V Vireo
29%
X Xylocopa
29%
Y Yellow Mongoose
29%
No matching quizzes found
Score Distribution
Percent of People with Each Score
Percentile by Number Answered
Your Score History
You have not taken this quiz